000
00474nam a2200181Ia 4500
008
090124s9999 xx 000 0 und d
082
_b
122759
100
_a
नाईक गुरुनाथ
245
_a
सुंदरी
250
_a
1
260
_c
1988
300
_a
150
600
_a
नाईक गुरुनाथ
630
_a
सुंदरी
700
_a
नाईक गुरुनाथ
730
_a
सुंदरी
942
_c
BOOK
999
_c
168845
_d
168845